[Event "Mittelfranken-ch Nord"]
[Site "Roethenbach"]
[Date "1996.??.??"]
[Round "1"]
[White "Graf, Reinhold"]
[Black "Betz, Egon"]
[Result "0-1"]
[WhiteElo "1640"]
[BlackElo "1895"]
[PlyCount "68"]
[EventDate "1996.??.??"]
[EventType "swiss"]
[EventRounds "7"]
[EventCountry "GER"]
[SourceTitle "EXT 2004"]
[Source "ChessBase"]
[SourceDate "2003.11.25"]
[SourceVersion "1"]
[SourceVersionDate "2003.11.25"]
[SourceQuality "1"]

1. e4 c5 2. Nf3 Nc6 3. d4 cxd4 4. Nxd4 g6 5. Be3 Bg7 6. Nc3 Nf6 7. Be2 d6 8. 0-0 a6 9. a4 Bd7 10. Kh1 Qc7 11. f3 h5 12. h4 e6 13. Bc4 Rc8 14. Nxc6 Bxc6 15. Bb3 0-0 16. Qd2 Rfd8 17. Bh6 d5 18. Bxg7 Kxg7 19. exd5 Nxd5 20. Qe1 Qf4 21. Ne4 Nf6 22. Nxf6 Qxf6 23. c3 Qf4 24. Rd1 Rxd1 25. Bxd1 Bxa4 26. Bxa4 Qxa4 27. Qe5+ Kg8 28. Qd6 Qxh4+ 29. Kg1 Qd8 30. Qb4 Qd5 31. Rc1 Rc4 32. Qe7 Qd2 33. Rb1 Qe3+ 34. Kh1 g5 0-1

[Event "Mittelfranken-ch Nord"]
[Site "Roethenbach"]
[Date "1996.??.??"]
[Round "3"]
[White "Graf, Reinhold"]
[Black "Grasser, Stefan"]
[Result "1-0"]
[WhiteElo "1640"]
[BlackElo "1605"]
[PlyCount "107"]
[EventDate "1996.??.??"]
[EventType "swiss"]
[EventRounds "7"]
[EventCountry "GER"]
[SourceTitle "EXT 2004"]
[Source "ChessBase"]
[SourceDate "2003.11.25"]
[SourceVersion "1"]
[SourceVersionDate "2003.11.25"]
[SourceQuality "1"]

1. e4 c6 2. d4 d5 3. e5 Bf5 4. Ne2 e6 5. Ng3 Bg6 6. h4 h6 7. h5 Bh7 8. Bd3 f5 9. Be3 Nd7 10. Nd2 Qc7 11. c3 c5 12. f4 cxd4 13. cxd4 Bb4 14. a3 Ba5 15. b4 Bb6 16. Rc1 Qd8 17. Nb3 Rc8 18. Kf2 a6 19. Qd2 Ne7 20. Rxc8 Qxc8 21. Rc1 Qd8 22. Nc5 Nxc5 23. bxc5 Ba5 24. Qb2 Qb8 25. Rb1 0-0 26. Qxb7 Qd8 27. Qxa6 g6 28. Qxe6+ Kg7 29. hxg6 Bxg6 30. Rb7 Bc7 31. c6 h5 32. Qd7 Qxd7 33. cxd7 Bd8 34. Ne2 h4 35. Ng1 Bh5 36. Nh3 Rg8 37. Ng5 Bg4 38. Ne6+ Kf7 39. Nxd8+ Rxd8 40. Bb5 h3 41. gxh3 Bxh3 42. a4 Rg8 43. Rc7 Rg2+ 44. Ke1 Rg8 45. a5 Kg6 46. d8Q Rxd8 47. Rxe7 Rb8 48. Re6+ Kf7 49. Rb6 Rc8 50. Bc6 Ke7 51. a6 Rc7 52. Bxd5 Ke8 53. Rb7 Rc8 54. a7 1-0

[Event "Mittelfranken-ch Nord"]
[Site "Roethenbach"]
[Date "1996.??.??"]
[Round "4"]
[White "Weissmann, Peter"]
[Black "Graf, Reinhold"]
[Result "1-0"]
[WhiteElo "1775"]
[BlackElo "1640"]
[PlyCount "29"]
[EventDate "1996.??.??"]
[EventType "swiss"]
[EventRounds "7"]
[EventCountry "GER"]
[SourceTitle "EXT 2004"]
[Source "ChessBase"]
[SourceDate "2003.11.25"]
[SourceVersion "1"]
[SourceVersionDate "2003.11.25"]
[SourceQuality "1"]

1. e4 c5 2. Nf3 d6 3. d4 cxd4 4. Nxd4 Nf6 5. Nc3 g6 6. f3 Bg7 7. Be3 a6 8. g4 0-0 9. Qd2 Nc6 10. 0-0-0 Nxd4 11. Bxd4 b5 12. h4 h5 13. Bxf6 Bxf6 14. gxh5 gxh5 15. Qh6 1-0